000 00407nam a2200145Ia 4500
008 240729s9999 xx 000 0 und d
022 _a2589-8310
245 0 _aMedical Journal of Dr. D.Y. Patil Vidyapeeth
260 _aIndia
260 _bWolters Kluwer Medknow Publications
650 _aMedicine
856 _uhttps://doaj.org/toc/dc761787849940d488feabdd706267e2
942 _2ddc
942 _cDOAJEJ
999 _c69745
_d69745
945 _a1
_bMadushi Gamage
_c1
_dMadushi Gamage